000 00572nam a2200229Ia 4500
003 OSt
005 20221006151720.0
006 a|||||r|||| 00| 0
007 ta
008 221006b |||||||| |||| 00| 0 eng d
020 _c100.00(each)
024 _a23,110
037 _cTextual
040 _aEASL
_cEASL
_beng
041 _2eng
_aeng
100 _aATTAR CHAND
245 0 _aDisarmament denete and world peace
260 _aNew Delhi
_bSterling Pub.
_c1982
300 _a168p.
_ccm.
942 _cTEXL
_2CC
999 _c1091196
_d1091196